Emmy - Writing (Comedy) Quiz Stats

 Plays Quiz Updated Sep 19, 2021

Support Sporcle.
Go Orange.
Score 0/62 Timer 04:00
1 Play Today
Year Show % Correct
1992Seinfeld
82.3%
1993Seinfeld
82.3%
1983Cheers
70.8%
1984Cheers
70.8%
200830 Rock
63.9%
200930 Rock
63.9%
2007The Office
61.6%
1994Frasier
61.1%
1995Frasier
61.1%
1996Frasier
61.1%
1999Frasier
61.1%
1972All in the Family
60.6%
1973All in the Family
60.6%
1978All in the Family
60.6%
1971The Mary Tyler Moore Show
56.3%
1974The Mary Tyler Moore Show
56.3%
1975The Mary Tyler Moore Show
56.3%
1976The Mary Tyler Moore Show
56.3%
1977The Mary Tyler Moore Show
56.3%
201330 Rock
55%
2015Veep
53.4%
1979M*A*S*H
48.2%
1987Family Ties
45.5%
2020Schitt's Creek
42.2%
1981Taxi
42.2%
1982Taxi
42.2%
1985The Cosby Show
42.1%
2003Everybody Loves Raymond
41.2%
2004Arrested Development
37.6%
2005Arrested Development
37.6%
2010Modern Family
36.8%
Year Show % Correct
1962The Dick Van Dyke Show
31.2%
1963The Dick Van Dyke Show
31.2%
1966The Dick Van Dyke Show
31.2%
2021Hacks
31.2%
2019Fleabag
30.9%
2011Modern Family
27.2%
1986The Golden Girls
26%
2018The Marvelous Mrs. Maisel
24.8%
1989Murphy Brown
20.9%
1991Murphy Brown
20.9%
1997Ellen
17.3%
2014Louie
17.2%
2016Master of None
16.5%
2017Master of None
16.4%
2000Malcolm in the Middle
16.4%
2001Malcolm in the Middle
16.4%
2006My Name is Earl
16%
2012Louie
15.4%
1990The Wonder Years
12.9%
1967Get Smart
10%
1998The Larry Sanders Show
8.5%
1980Barney Miller
8%
1956The Phil Silvers Show
5.1%
1958The Phil Silvers Show
5.1%
1959The Jack Benny Show
4.2%
1960The Jack Benny Show
4.2%
2002The Bernie Mac Show
4.1%
1961The Red Skelton Show
2.9%
1968He and She
2.7%
1988Frank's Place
2.6%
1955The George Gobel Show
2.3%

From the Vault

More Knitted Animals

by sproutcm

Alright, this quiz is possibly the cutest one we've ever made.
Remove Ads.
Support Sporcle.
Get the best of Sporcle when you Go Orange. This ad-free experience offers more features, more stats, and more fun while also helping to support Sporcle. Thank you for becoming a member.

Show Comments

Extras

Top Quizzes Today


Score Distribution

Your Account Isn't Verified!

In order to create a playlist on Sporcle, you need to verify the email address you used during registration. Go to your Sporcle Settings to finish the process.

Report this User

Report this user for behavior that violates our Community Guidelines.

Details: